MARC

LEADER 00000nam0a2200000 4500
001 206115
005 20231031190609.0
010 |a 5746407208 
035 |a (RuTPU)RU\TPU\book\224671 
090 |a 206115 
100 |a 20111224d1990 m y0rusy50 ca 
101 0 |a rus 
102 |a RU 
105 |a y j 001zy 
200 1 |a Вынужденные колебания оболочек и пластин  |e учебное пособие  |f Ю. П. Жигалко 
210 |a Казань  |c Изд-во Казанского ун-та  |d 1990 
215 |a 102 с. 
320 |a Библиогр.: с. 101. 
610 1 |a оболочки 
610 1 |a пластины 
610 1 |a вынужденные колебания 
610 1 |a Лагранжева динамика 
610 1 |a нелинейная деформация 
610 1 |a нелинейные динамические уравнения 
610 1 |a термомеханическая деформация 
610 1 |a учебные пособия 
675 |a 539.3(075.8)  |v 3 
700 1 |a Жигалко  |b Ю. П.  |g Юрий Павлович 
801 1 |a RU  |b 63413507  |c 20111224 
801 2 |a RU  |b 63413507  |c 20111226  |g RCR 
942 |c BK